000 00625nam a2200157Ia 4500
003 GCL
008 140319s9999 xx 000 0 ara d
040 _aGCL /
_cGCL
082 0 4 _aم
_b920.71
_bا م
100 1 _aالسيد احمد صقر
245 1 0 _aمقاتل الطالبين /
_cالسيد احمد صقر
700 1 _aابوالفرج الاصفهانى: على بن الحسين بن محمد بن الهيثم عبدالرحمن بن مروان البغدادى
260 _a[S.N] :
_bدار احياء الكتب العربية ،
_c1949
300 _a850 ص
490 _aشكاوى المصرى الفصيح
_v0
999 _c59414
_d59414